Study listening : understanding lectures and talks in English

Αποθηκεύτηκε σε:
Λεπτομέρειες βιβλιογραφικής εγγραφής
Κύριος συγγραφέας: Lynch, Tony, 1949-
Μορφή: Βιβλίο
Γλώσσα:English
Δημοσίευση: Cambridge : Cambridge University Press, c1983.
Θέματα:
Ετικέτες: Προσθήκη ετικέτας
Δεν υπάρχουν, Καταχωρήστε ετικέτα πρώτοι!

MARC

LEADER 00000cam a2200000 i 4500
001 1/85234
008 050913s1983 gr | || |||| ||eng||
020 |a 0521273153   |q (guide for teachers and self-study) 
020 |a 0521253314   |q (set of 4 cassettes) 
035 |l 10080226 
040 |a GR-MyUa  |b gre  |e AACR2 
041 0 |a eng 
082 7 |a 428.34   |2 (22) 
100 1 |a Lynch, Tony,   |d 1949- 
245 1 0 |a Study listening :   |b understanding lectures and talks in English /   |c Tony Lynch. 
260 |a Cambridge :   |b Cambridge University Press,   |c c1983. 
300 |a 92 σ. ;   |c 23 εκ. +   |e 4 κασέτες ήχου (205 λεπτ. : αναλογ.) 
650 0 |a English language  |v Textbooks for foreign speakers. 
650 0 |a Listening. 
852 |a INST  |b SYROS  |e 20050913  |h 428.34 LYN  |p 005500003916  |q 005500003916  |t BK  |y 0  |z ??? 
852 |a INST  |b SYROS  |e 20060519  |h 428.34 LYN  |p 005500004855  |q 005500004855  |t BK  |y 0  |z sc.1 
852 |a INST  |b SYROS  |e 20060522  |h 428.34 LYN  |p 005500004818  |q 005500004818  |t BK  |y 0  |z sc.2 
852 |a INST  |b SYROS  |e 20060522  |h 428.34 LYN  |p 005500004817  |q 005500004817  |t BK  |y 0  |z sc.3 
852 |a INST  |b SYROS  |e 20060522  |h 428.34 LYN  |p 005500004816  |q 005500004816  |t BK  |y 0  |z sc.4 
901 |a BIBL5-2005-3 
920 |a Διεύρυνση  |b ΕΠΕΑΕΚ-ΤΜΣΠΣ  |y Σύρος  |z 2004-10 
970 |a Τσουκαλά  |b Αλίκη  |z 13/09/2005